000 00305nam a2200109Ia 4500
008 220217s9999 xx 000 0 und d
100 _aCyriac Mattam
245 0 _aEbonite battery containers
260 _bCochin University of Science and Technology
_a Kochi
_c1975
500 _aCourse: B.Tech
942 _cTS
999 _c74532
_d74532